Catálogo
 En Linea

Ponencias de la semana internacional en homenaje a Pedro Henríquez Ureña en el cincuentenario de su muerte 1946-1996 / (Registro nro. 16936)

Detalles MARC
000 -CABECERA
campo de control de longitud fija 01848nam a2200265 a 4500
001 - NÚMERO DE CONTROL
campo de control 000017411
003 - IDENTIFICADOR DEL NÚMERO DE CONTROL
campo de control DO-SdBNP
005 - FECHA Y HORA DE LA ÚLTIMA TRANSACCIÓN
campo de control 20250307073709.0
008 - DATOS DE LONGITUD FIJA--INFORMACIÓN GENERAL
campo de control de longitud fija 100324s1996 dr r 001 0 spa d
040 ## - FUENTE DE LA CATALOGACIÓN
Centro catalogador/agencia de origen DO-SdBNP
Lengua de catalogación spa
Centro/agencia transcriptor BNPHU
Normas de descripción rda
041 ## - CÓDIGO DE LENGUA
Código de lengua original spa
082 #4 - NÚMERO DE LA CLASIFICACIÓN DECIMAL DEWEY
Número de clasificación 923.77293
Número de edición 22
111 1# - ENTRADA PRINCIPAL--NOMBRE DE CONGRESO/REUNIÓN
Nombre de congreso/reunión o jurisdicción como elemento de entrada Semana Internacional en Homenaje a Pedro Henríquez Ureña en el Cincuentenario de su Muerte 1946-1996
Fecha del congreso/reunión (1996 : 6-11 mayo
Sede del congreso/Lugar de la reunión Santo Domingo, Dominican Republic)
9 (RLIN) 38098
245 10 - MENCIÓN DE TÍTULO
Título Ponencias de la semana internacional en homenaje a Pedro Henríquez Ureña en el cincuentenario de su muerte 1946-1996 /
Mención de responsabilidad, etc. editor Jorge Tena Reyes.
264 #1 - PRODUCCIÓN, PUBLICACIÓN, DISTRIBUCIÓN, FABRICACIÓN Y COPYRIGHT
Producción, publicación, distribución, fabricación y copyright Santo Domingo :
Nombre del de productor, editor, distribuidor, fabricante Secretaría de Estado de Educación, Bellas Artes y Cultos :
-- Corripio,
Fecha de producción, publicación, distribución, fabricación o copyright 1996.
300 ## - DESCRIPCIÓN FÍSICA
Extensión xviii, 724 páginas ;
Dimensiones 23 cm.
500 ## - NOTA GENERAL
Nota general Incluye índice
500 ## - NOTA GENERAL
Nota general Incluye referencias bibliográficas y notas al pie de las páginas.
520 ## - SUMARIO, ETC.
Sumario, etc. Un homenaje bien merecido a Henríquez Ureña (1884-1946) sobre el 50 aniversario de su muerte. Henríquez Ureña comenzó, en un camino, el estudio de literatura latinoamericana como un campo que consiste en maestros principales y menores, períodos, y los géneros que cruzaron las fronteras de las literaturas inesperadas nacionales. Esta serie de papeles(periódicos) estudia su vida y trabajos. También incluye artículos por algunos de sus contemporáneos: Alfonso Reyes, José Vasconcelos, Amado Alonso, Anderson Imbert, y Juan Ramón Jiménez " - Manual de Estudios latinoamericanos, v. 58.
600 10 - PUNTO DE ACCESO ADICIONAL DE MATERIA--NOMBRE DE PERSONA
Nombre de persona Henríquez Ureña, Pedro,
Fechas asociadas al nombre 1884-1946
Subdivisión general congresos, conferencias, etc.
9 (RLIN) 1718
651 #4 - PUNTO DE ACCESO ADICIONAL DE MATERIA--NOMBRE GEOGRÁFICO
Nombre geográfico República Dominicana
Subdivisión general Vida intelectual
9 (RLIN) 18809
700 1# - PUNTO DE ACCESO ADICIONAL--NOMBRE DE PERSONA
Nombre de persona Tena Reyes, Jorge,
Término indicativo de función/relación editor
Código de función/relación ed.
9 (RLIN) 8252
710 1# - PUNTO DE ACCESO ADICIONAL--NOMBRE DE ENTIDAD CORPORATIVA
Nombre de entidad corporativa o nombre de jurisdicción como elemento de entrada República Dominicana.
Unidad subordinada Secretaría de Estado de Educación, Bellas Artes y Cultos
9 (RLIN) 23965
942 ## - ELEMENTOS DE PUNTO DE ACCESO ADICIONAL (KOHA)
Fuente del sistema de clasificación o colocación Dewey Decimal Classification
Tipo de ítem Koha Libro
Existencias
Estado de retiro Estado de pérdida Fuente del sistema de clasificación o colocación Restricciones de uso No para préstamo Código de colección Localización permanente Ubicación/localización actual Ubicación en estantería Fecha de adquisición Total de préstamos Signatura topográfica completa Código de barras Fecha visto por última vez Número de copia Precio válido a partir de Tipo de ítem Koha
    Dewey Decimal Classification Préstamo en sala   Dominicana de Servicio Biblioteca Nacional Pedro Henríquez Ureña Biblioteca Nacional Pedro Henríquez Ureña En catalogación 08.04.2013   BNPHU DS 923.77293 17411-30 25.06.2020 e. 3 25.06.2020 Libro
    Dewey Decimal Classification Préstamo en sala   Dominicana de Servicio Biblioteca Nacional Pedro Henríquez Ureña Biblioteca Nacional Pedro Henríquez Ureña En catalogación 19.04.2013   BNPHU DS 923.77293 17411-40 25.06.2020 e. 4 25.06.2020 Libro
    Dewey Decimal Classification Préstamo en sala   Dominicana de Servicio Biblioteca Nacional Pedro Henríquez Ureña Biblioteca Nacional Pedro Henríquez Ureña En catalogación 29.04.2015   BNPHU DS 923.77293 17411-50 25.06.2020 e. 5 25.06.2020 Libro
    Dewey Decimal Classification Excluido de préstamo   Patrimonio Dominicano Biblioteca Nacional Pedro Henríquez Ureña Biblioteca Nacional Pedro Henríquez Ureña En catalogación 24.03.2010   BNPHU PD 923.77293 17411-10 25.06.2020   25.06.2020 Libro
    Dewey Decimal Classification Excluido de préstamo   Patrimonio Dominicano Biblioteca Nacional Pedro Henríquez Ureña Biblioteca Nacional Pedro Henríquez Ureña En catalogación 04.03.2011   BNPHU PD 923.77293 17411-20 25.06.2020 e. 2 25.06.2020 Libro

Con tecnología Koha